Applications of nonlinear fiber optics (Record no. 1211)

MARC details
000 -LEADER
Fixed length control field 00504nam a2200181 4500
003 - CONTROL NUMBER IDENTIFIER
Control field SEACOMEC
005 - DATE AND TIME OF LATEST TRANSACTION
Control field 20240524123707.0
008 - FIXED-LENGTH DATA ELEMENTS--GENERAL INFORMATION
Fixed length control field 240524b |||||||| |||| 00| 0 eng d
020 ## - INTERNATIONAL STANDARD BOOK NUMBER / ISBN
International Standard Book Number 0120451441
Price 395.00
040 ## - CATALOGING SOURCE
Original cataloging agency SEACOMEC
082 ## - DEWEY DECIMAL CLASSIFICATION NUMBER
Classification number 621.3614
Book Number A277
100 ## - MAIN ENTRY--PERSONAL NAME
Personal name Agrawal, Govind P
245 ## - TITLE STATEMENT
Title Applications of nonlinear fiber optics
Statement of responsibility Govind P. Agrawal
250 ## - EDITION STATEMENT
Edition statement Optics and photonics
260 ## - IMPRINT
Place of publication New Delhi
Name of publisher Elsevier
Date of publication 2006
650 ## - SUBJECT ADDED ENTRY--TOPICAL TERM
Topical term Fiber optics Nonlinear optics
942 ## - ADDED ENTRY ELEMENTS (KOHA)
Koha item type Books
Holdings
Withdrawn status Lost status Source of classification Damaged status Not for loan Home library Current library Date acquired Total Checkouts Call number Accession number Date last seen Price effective from Koha item type
    Dewey Decimal Classification     SEACOM ENGINEERING COLLEGE SEACOM ENGINEERING COLLEGE 24/05/2024   621.3614 A277 5499 24/05/2024 24/05/2024 Books
© Seacom Engineering College, All rights reserved.      Powered by Koha